长株潭城际所有客运车站 Changsha-Zhuzhou-Xiangtan intercity railway stations - Statistics

General Stats
  • This quiz has been taken 6 times
  • The average score is 19 of 24
Answer Stats
县区 车站 % Correct
望城区 长沙西
100%
开福区 开福寺
100%
芙蓉区 长沙
100%
芦淞区 株洲
100%
芦淞区 株洲南
100%
望城区 麓谷
83%
岳麓区 观沙岭
83%
雨花区 树木岭
83%
雨花区 湘府路
83%
天心区 先锋
83%
天心区 暮云
83%
石峰区 九郎山
83%
石峰区 田心东
83%
石峰区 大丰
83%
雨湖区 湘潭
83%
岳麓区 尖山
67%
岳麓区 谷山
67%
岳麓区 八方山
67%
雨花区 香樟路
67%
天心区 芙蓉南
67%
岳塘区 板塘
67%
雨花区 洞井
50%
岳塘区 昭山
50%
岳塘区 荷塘
50%
No matching quizzes found
Score Distribution
Percent of People with Each Score
Percentile by Number Answered
Your Score History
You have not taken this quiz